Top 10 najbardziej dochodowych gier - Statystyki

Ogólne statystyki
  • Ten quiz został rozwiązany 65 razy
  • Średni wynik to 2 z 10
Statystyki odpowiedzi
Miejsce Przychód w $ Gra % Poprawnych
6 313 739 Pokemon GO
88%
1 1 975 223 Clash of Clans
42%
2 1 480 799 Clash Royale
42%
3 1 135 624 Candy Crush Saga
13%
7 263 577 Candy Crush Soda Saga
13%
5 384 772 Game of War: Fire Age
2%
8 219 535 MARVEL Contest of Champions
2%
4 578 288 Mobile Strike
2%
10 145 728 Slotomania Casino Slot Games - Vegas Slot Machines
2%
9 166 637 Toy Blast
2%
Nie znaleziono quizów pasujących do podanych kryteriów
Rozkład punktacji
Procent ludzi z każdym wynikiem
Percentyl według liczby udzielonych odpowiedzi
Twoja historia wyników
Nie rozwiązałeś tego quizu